Condensation problems - new and existing buildings (Record no. 87958)

MARC details
000 -LEADER
fixed length control field 00859cam a2200265 4500
001 - CONTROL NUMBER
control field D15236
008 - FIXED-LENGTH DATA ELEMENTS--GENERAL INFORMATION
fixed length control field 090401t1979 xxu||||| |||| 00| 0 eng d
022 ## - INTERNATIONAL STANDARD SERIAL NUMBER
International Standard Serial Number 0143-3342
035 ## - SYSTEM CONTROL NUMBER
System control number (Sirsi) u21350
041 ## - LANGUAGE CODE
Language code of text/sound track or separate title eng
050 ## - LIBRARY OF CONGRESS CALL NUMBER
Classification number 693.893
-- 18
090 ## - LOCALLY ASSIGNED LC-TYPE CALL NUMBER (OCLC); LOCAL CALL NUMBER (RLIN)
Classification number (OCLC) (R) ; Classification number, CALL (RLIN) (NR) RICS 1979/55ABC
110 ## - MAIN ENTRY--CORPORATE NAME
Corporate name or jurisdiction name as entry element Royal Institution of Chartered Surveyors
9 (RLIN) 4900
245 ## - TITLE STATEMENT
Title Condensation problems - new and existing buildings
Remainder of title a guide for practitioners prepared by the Building Surveyors' Division of the RICS
260 ## - PUBLICATION, DISTRIBUTION, ETC.
Place of publication, distribution, etc. [S.l.]
Name of publisher, distributor, etc. RICS
Date of publication, distribution, etc. 1979
300 ## - PHYSICAL DESCRIPTION
Extent 13p.
Dimensions 30cm
350 ## - PRICE (NR) (BK AM CF MU VM SE) [OBSOLETE]
Price 1.20
490 ## - SERIES STATEMENT
Series statement RICS Building Surveying Practice Note
Volume/sequential designation 2
650 ## - SUBJECT ADDED ENTRY--TOPICAL TERM
Topical term or geographic name entry element CONDENSATION
650 ## - SUBJECT ADDED ENTRY--TOPICAL TERM
Topical term or geographic name entry element MOULD
690 ## - LOCAL SUBJECT ADDED ENTRY--TOPICAL TERM (OCLC, RLIN)
Topical term or geographic name as entry element BUILT ENVIRONMENT-BUILDING PATHOLOGY
710 ## - ADDED ENTRY--CORPORATE NAME
Corporate name or jurisdiction name as entry element Royal Institution of Chartered Surveyors
Subordinate unit Building Surveyors Division
9 (RLIN) 4964
942 ## - ADDED ENTRY ELEMENTS (KOHA)
Suppress in OPAC 0
948 ## - LOCAL PROCESSING INFORMATION (OCLC); SERIES PART DESIGNATOR (RLIN)
c (OCLC) 04/03/1997
Holdings
Withdrawn status Lost status Source of classification or shelving scheme Damaged status Not for loan Home library Current library Shelving location Date acquired Cost, normal purchase price Total Checkouts Full call number Barcode Date last seen Copy number Cost, replacement price Price effective from Koha item type
    Dewey Decimal Classification     London London RICS Boxes 14/09/1999 1.20   RICS 1979/55 30005368 06/08/2019 1 1.20 06/08/2019 Reference material
    Dewey Decimal Classification     London London RICS Boxes 22/08/1991 1.20   RICS 1979/55 30027890 06/08/2019 2 1.20 06/08/2019 Reference material
    Dewey Decimal Classification     London London RICS Boxes 23/10/2002     RICS 1979/55 30055326 06/08/2019 3   06/08/2019 Book
    Dewey Decimal Classification     London London RICS Boxes 23/10/2002     RICS 1979/55 30054735 06/08/2019 4   06/08/2019 Book